Účtovné a daňové hľadisko lízingu ako spôsobu obstarávania dlhodobého majetku diplomová práca

Gespeichert in:
Bibliographische Detailangaben
1. Verfasser: Huňadyová, Lucia
Körperschaft: Fakulta hospodárskej informatiky EU. Katedra účtovníctva a audítorstva
Weitere Verfasser: Vašeková, Miroslava, 1978-
Format: Buch
Sprache:Slowakisch
Veröffentlicht: Bratislava 2012
Tags: Tag hinzufügen
Keine Tags, Fügen Sie das erste Tag hinzu!

MARC

LEADER 00000nbm a2200000 4500
001 0171421
005 20161109102430.7
041 0 |a slo 
044 |a SK 
245 1 0 |a Účtovné a daňové hľadisko lízingu ako spôsobu obstarávania dlhodobého majetku  |b diplomová práca  |c Lucia Huňadyová ; školiteľ: Miroslava Vašeková 
264 1 |a Bratislava  |c 2012 
300 |a 54 s. 
100 1 |a Huňadyová, Lucia 
700 1 |a Vašeková, Miroslava, 1978- 
710 2 |a Fakulta hospodárskej informatiky EU. Katedra účtovníctva a audítorstva